| 000 | 00976cam a2200301 4500 | ||
|---|---|---|---|
| 001 | 7144 | ||
| 003 | BD-RjUL | ||
| 005 | 20211208234354.0 | ||
| 008 | 140113s1976 ne b 001 0 eng | ||
| 035 | _a(BD-RjUL)7186 | ||
| 040 |
_aDLC _cDLC _dDLC _dBD-RjUL _beng |
||
| 041 | _aeng | ||
| 082 | 0 | 0 |
_a519 _bBRS 1976 |
| 100 | 1 |
_aBrandt, Siegmund. _922353 |
|
| 245 | 1 | 0 | _aStatistical and computational methods in data analysis / |
| 250 | _a2nd revised ed. | ||
| 260 |
_aAmsterdam ; _aNew York : _bNorth-Holland Pub. Co. , _bAmerican Elsevier Pub. Co., _cc1970 [1976]. |
||
| 300 |
_axvii, 414 p. : _c23 cm. _bill. ; |
||
| 350 | _a54.00 | ||
| 500 | _aTranslation of Statistische Methoden der Datenanalyse. | ||
| 504 | _aIncludes bibliography (p. [316]-318) and index. | ||
| 650 | 0 |
_aProbabilities. _9243 |
|
| 650 | 0 |
_aMathematical statistics. _922354 |
|
| 942 |
_2ddc _cBK |
||
| 999 |
_c7144 _d7144 |
||